Lectures on quantum mechanics and attractors (Record no. 1237321)

MARC details
000 -LEADER
fixed length control field 00676nam a2200229Ia 4500
005 - DATE AND TIME OF LATEST TRANSACTION
control field 20250117103423.0
008 - FIXED-LENGTH DATA ELEMENTS--GENERAL INFORMATION
fixed length control field 008 250103s9999 xx 000 0 eng d
020 ## - INTERNATIONAL STANDARD BOOK NUMBER
International Standard Book Number 9789811248894
037 ## - SOURCE OF ACQUISITION
Stock number Textual
040 ## - CATALOGING SOURCE
Original cataloging agency CSL
Language of cataloging eng
Transcribing agency CSL
041 ## - LANGUAGE CODE
Language code of text/sound track or separate title eng
Source of code eng
084 ## - COLON CLASSIFICATION NUMBER
Classification number CN1 R2
Assigning agency CSL
100 ## - MAIN ENTRY--PERSONAL NAME
Personal name Komech, Alexander
9 (RLIN) 439496
245 #0 - TITLE STATEMENT
Title Lectures on quantum mechanics and attractors
Statement of responsibility, etc. Komech, Alexander
260 ## - PUBLICATION, DISTRIBUTION, ETC.
Place of publication, distribution, etc. Singpore
Name of publisher, distributor, etc. World Scientific
Date of publication, distribution, etc. 2022
300 ## - PHYSICAL DESCRIPTION
Extent xix, 252p. ill.
650 ## - SUBJECT ADDED ENTRY--TOPICAL TERM
Topical term or geographic name entry element Attractors of hamiltonian
9 (RLIN) 732938
650 ## - SUBJECT ADDED ENTRY--TOPICAL TERM
Topical term or geographic name entry element Magnetic field
9 (RLIN) 732895
650 ## - SUBJECT ADDED ENTRY--TOPICAL TERM
Topical term or geographic name entry element Physics
942 ## - ADDED ENTRY ELEMENTS (KOHA)
Koha item type Textual
Classification part CN1 R2
Holdings
Withdrawn status Lost status Damaged status Not for loan Home library Current library Date acquired Source of acquisition Inventory number Total Checkouts Full call number Barcode Date last seen Price effective from Koha item type
        Central Science Library Central Science Library 2025-01-17 New India Book Agency 4076, 24/01/2023   CN1 R2 SL1655268 2025-01-17 2025-01-17 Textual
Copyright @ Delhi University Library System